Statistics for Name The Country With Hints

Click here to take the quiz!

General Stats

  • This quiz has been taken 35 times
    (14 since last reset)
  • The average score is 10 of 20

Answer Stats

HintAnswer% Correct
It had the largest empire in historyUnited Kingdom
92%
It has the largest population in the worldChina
85%
Worlds largest island nationsIndonesia
77%
Largest country in AfricaAlgeria
69%
Produces the most coffee in the worldBrazil
62%
Has the most fjords in the worldNorway
62%
Bread was invented hereEgypt
54%
The most visited country in the worldFrance
54%
BORATKazakhstan
54%
It has purple in its flagDominica
46%
Newest country in the worldSouth Sudan
46%
Freddie Mercury was from hereTanzania
38%
It has the largest Oil ReservesVenezeula
38%
One of the 3 countries that don't use the metric system
(Starts with an M :>)
Myanmar
31%
It has a city that produces 40% of the worlds soccer ballsPakistan
31%
World's top supplier of nursesPhilippines
31%
Contains 60% of Africa's birdsUganda
31%
It has the lowest average IQEquatorial Guinea
23%
There's an annual monkey festivalThailand
23%
It has the lowest military budgetZambia
15%

Score Distribution

Percentile by Number Answered

Percent of People with Each Score

Your Score History

You have not taken this quiz since the last reset